Dr Pepper Ingredients LIst - Statistics

General Stats
  • This quiz has been taken 44 times
  • The average score is 3 of 7
Answer Stats
Hint Answer % Correct
Rhymes with baramel bolor Caramel color
92%
Sugar High fructose corn syrup
54%
Alpha Carbonated water
46%
NEEEEEEDDDDDD Caffeine
38%
Sounds scary Phosphoric acid
15%
Vague Artificial and natural flavors
8%
Sounds scary 2.0 Sodium benzoate
0%
No matching quizzes found
Score Distribution
Percent of People with Each Score
Percentile by Number Answered
Your Score History
You have not taken this quiz